[Event "EU-ch Rapid"]
[Site "Katowice"]
[Date "2022.12.17"]
[Round "2"]
[White "Klekowski, Maciej"]
[Black "Kopaczewski, Adam"]
[Result "1-0"]
[WhiteElo "2477"]
[BlackElo "2096"]
[PlyCount "137"]
[EventDate "2022.12.17"]
[EventType "swiss (rapid)"]
[EventRounds "11"]
[EventCountry "POL"]
[SourceTitle "CBM 211 Extra"]
[Source "ChessBase"]
[SourceDate "2023.01.31"]
[SourceVersion "1"]
[SourceVersionDate "2023.01.31"]
[SourceQuality "1"]

1. c4 e5 2. Nc3 Nc6 3. g3 f5 4. Nf3 Nf6 5. d4 e4 6. Nh4 Bb4 7. Nxf5 0-0 8. Ne3 d5 9. Bg2 dxc4 10. d5 Ne7 11. 0-0 Bxc3 12. bxc3 Nexd5 13. Qa4 Nxe3 14. Bxe3 Be6 15. Rab1 Bd5 16. Rfd1 Qe8 17. Qxe8 Raxe8 18. Rd4 b6 19. Bg5 c6 20. Bxf6 Rxf6 21. e3 b5 22. h4 Rf7 23. Rb2 Rb7 24. Bf1 Rbb8 25. Be2 Kf7 26. a4 a6 27. Ra2 Ra8 28. Rd1 Ke6 29. Bg4+ Kd6 30. Rda1 c5 31. Rd1 Kc6 32. Rad2 Re5 33. f4 exf3 34. Kf2 Rae8 35. e4 Be6 36. Rd6+ Kb7 37. Bxf3 b4 38. a5 Rf8 39. Ke3 b3 40. Rb6+ Ka7 41. Rdd6 Bc8 42. Rdc6 Re7 43. Rxc5 Rb7 44. Rxc4 Rxb6 45. axb6+ Kb7 46. Rb4 Be6 47. c4 a5 48. Rxb3 Bxc4 49. Rc3 Bb5 50. Rc7+ Kxb6 51. Rxg7 a4 52. Bd1 a3 53. Bb3 Rd8 54. Kf4 Ba4 55. Bc4 Kc5 56. Rc7+ Kb4 57. Bd5 Rf8+ 58. Kg5 Rf3 59. g4 Bb3 60. Rb7+ Ka4 61. Rxh7 Bxd5 62. exd5 Rd3 63. Ra7+ Kb3 64. h5 Rxd5+ 65. Kf6 Rd4 66. Rxa3+ Kxa3 67. g5 Rf4+ 68. Kg7 Kb4 69. h6 1-0

[Event "EU-ch Rapid"]
[Site "Katowice"]
[Date "2022.12.17"]
[Round "6"]
[White "Mitusov, Semen"]
[Black "Kopaczewski, Adam"]
[Result "1-0"]
[WhiteElo "2397"]
[BlackElo "2096"]
[PlyCount "31"]
[EventDate "2022.12.17"]
[EventType "swiss (rapid)"]
[EventRounds "11"]
[EventCountry "POL"]
[SourceTitle "CBM 211 Extra"]
[Source "ChessBase"]
[SourceDate "2023.01.31"]
[SourceVersion "1"]
[SourceVersionDate "2023.01.31"]
[SourceQuality "1"]

1. e4 e5 2. Nf3 Nc6 3. Bb5 a6 4. Ba4 Nf6 5. 0-0 b5 6. Bb3 Bc5 7. c3 0-0 8. d4 Bb6 9. dxe5 Nxe4 10. Qd5 Nc5 11. Bc2 Bb7 12. Qd1 d5 13. Bxh7+ Kxh7 14. Ng5+ Kg6 15. Qg4 Qc8 16. Ne6+ 1-0

[Event "EU-ch Blitz"]
[Site "Katowice"]
[Date "2022.12.16"]
[Round "7"]
[White "Kopaczewski, Adam"]
[Black "Seemann, Jakub"]
[Result "0-1"]
[WhiteElo "2096"]
[BlackElo "2365"]
[PlyCount "70"]
[EventDate "2022.12.16"]
[EventType "swiss (blitz)"]
[EventRounds "22"]
[EventCountry "POL"]
[SourceTitle "CBM 211 Extra"]
[Source "ChessBase"]
[SourceDate "2023.01.31"]
[SourceVersion "1"]
[SourceVersionDate "2023.01.31"]
[SourceQuality "1"]

1. e4 e6 2. d4 d5 3. Bd3 c5 4. c3 Nc6 5. Ne2 cxd4 6. cxd4 Nb4 7. e5 Nxd3+ 8. Qxd3 Bd7 9. Nbc3 Ne7 10. 0-0 Nf5 11. Ng3 Nxg3 12. fxg3 Be7 13. Qf3 0-0 14. Qg4 Kh8 15. Qh5 f5 16. Be3 Rc8 17. Rf2 b5 18. a3 a5 19. Raf1 b4 20. axb4 axb4 21. Ne2 Bb5 22. g4 fxg4 23. Rxf8+ Bxf8 24. Qxg4 Qd7 25. Qh5 Be7 26. h3 Qe8 27. Qg4 Qg6 28. Qxg6 hxg6 29. Nf4 Bxf1 30. Nxg6+ Kh7 31. Nxe7 Rc7 32. Nxd5 exd5 33. Kxf1 Kg6 34. Bd2 b3 35. Bc3 Rxc3 0-1

[Event "Baltic Pearl op 16th"]
[Site "Lazy"]
[Date "2020.07.06"]
[Round "9"]
[White "Mis, Mieszko"]
[Black "Kopaczewski, Adam"]
[Result "1-0"]
[WhiteElo "2332"]
[BlackElo "2059"]
[PlyCount "61"]
[EventDate "2020.06.28"]
[EventType "swiss"]
[EventRounds "9"]
[EventCountry "POL"]
[SourceTitle "CBM 197 Extra"]
[Source "ChessBase"]
[SourceDate "2020.09.30"]
[SourceVersion "1"]
[SourceVersionDate "2020.09.30"]
[SourceQuality "1"]

1. d4 Nf6 2. Nf3 e6 3. c4 d5 4. Nc3 c6 5. cxd5 exd5 6. Bg5 Be7 7. Qc2 0-0 8. e3 Ne4 9. Bf4 Qa5 10. Bd3 f5 11. 0-0 Nd7 12. h3 Ndf6 13. Ne5 Be6 14. f3 Nd6 15. g4 Nd7 16. Ne2 Qd8 17. Ng3 Qc8 18. Kh1 Nb6 19. Rg1 Kh8 20. Qh2 c5 21. Nh5 c4 22. Bc2 Bf6 23. g5 Bxe5 24. Bxe5 Ne8 25. g6 Nd7 26. gxh7 Rf7 27. Qg3 Nxe5 28. dxe5 Qd8 29. Nf4 Nc7 30. Qg6 Qe7 31. Qh5 1-0

[Event "Baltic Pearl op 15th"]
[Site "Lazy"]
[Date "2019.06.25"]
[Round "3"]
[White "Koziak, Vitali"]
[Black "Kopaczewski, Adam"]
[Result "1-0"]
[WhiteElo "2473"]
[BlackElo "2046"]
[PlyCount "113"]
[EventDate "2019.06.23"]
[EventType "swiss"]
[EventRounds "9"]
[EventCountry "POL"]
[SourceTitle "CBM 191 Extra"]
[Source "ChessBase"]
[SourceDate "2019.09.30"]
[SourceVersion "1"]
[SourceVersionDate "2019.09.30"]
[SourceQuality "1"]

1. d4 Nf6 2. c4 e6 3. Nf3 b6 4. Nc3 Bb4 5. Qc2 Bb7 6. a3 Bxc3+ 7. Qxc3 h6 8. e3 d6 9. Be2 Nbd7 10. 0-0 0-0 11. b4 c5 12. Bb2 Ne4 13. Qb3 cxd4 14. Bxd4 Rc8 15. Rfd1 Qc7 16. Rac1 Rfd8 17. Bb2 a6 18. Nd4 Nef6 19. f3 Qb8 20. e4 Re8 21. Bf1 Red8 22. Rc2 Ne8 23. Rcd2 Qc7 24. Qe3 Ne5 25. Rc1 Nd7 26. Nb3 Qb8 27. Rcd1 Qc7 28. Rd4 Ne5 29. Rc1 Nd7 30. Qd2 Kf8 31. Rd1 Kg8 32. Rc1 Kf8 33. a4 Kg8 34. a5 Bc6 35. Kh1 Rb8 36. Ba3 Ne5 37. axb6 Qxb6 38. Na5 Rdc8 39. Rb1 Qa7 40. b5 axb5 41. cxb5 d5 42. f4 Ng4 43. Nxc6 Rxc6 44. exd5 exd5 45. Bb2 Rcc8 46. Ra1 Qc5 47. Qb4 Qxb4 48. Rxb4 Nd6 49. Bd4 Nf5 50. Ba7 Rb7 51. b6 Ra8 52. Rbb1 Nge3 53. Bb5 Nd4 54. Ba6 Rbxa7 55. bxa7 Nc6 56. Bb7 Rxa7 57. Bxc6 1-0

[Event "Baltic Pearl op 15th"]
[Site "Lazy"]
[Date "2019.06.24"]
[Round "2"]
[White "Kopaczewski, Adam"]
[Black "Starosta, Martyna"]
[Result "1-0"]
[WhiteElo "2046"]
[BlackElo "1841"]
[PlyCount "111"]
[EventDate "2019.06.23"]
[EventType "swiss"]
[EventRounds "9"]
[EventCountry "POL"]
[SourceTitle "CBM 191 Extra"]
[Source "ChessBase"]
[SourceDate "2019.09.30"]
[SourceVersion "1"]
[SourceVersionDate "2019.09.30"]
[SourceQuality "1"]

1. e4 e5 2. Nc3 Nf6 3. Nf3 Nc6 4. g3 Bb4 5. Bg2 d6 6. d3 Bg4 7. h3 Be6 8. 0-0 h6 9. Ne2 Ba5 10. a3 Bb6 11. c4 a5 12. Bd2 0-0 13. b4 Qe7 14. Bc3 Nh7 15. Nh4 Ng5 16. Kh2 Qd7 17. f4 exf4 18. gxf4 Nxh3 19. Qe1 Bf2 20. Rxf2 Nxf2 21. Qxf2 axb4 22. axb4 Rxa1 23. Bxa1 Bg4 24. b5 Ne7 25. Qg3 f6 26. Bf3 Bxf3 27. Nxf3 Kh7 28. f5 Ra8 29. Bc3 Ra2 30. Nfd4 Qe8 31. Qg4 c6 32. Kg3 d5 33. Ne6 Qf7 34. b6 dxc4 35. dxc4 Rc2 36. c5 g6 37. fxg6+ Nxg6 38. N6f4 Nxf4 39. Kxf4 f5 40. exf5 h5 41. Qg6+ Qxg6 42. fxg6+ Kxg6 43. Ke3 h4 44. Kd3 Ra2 45. Be5 h3 46. Bd6 Kf5 47. Nd4+ Kf6 48. Nxc6 h2 49. Bxh2 Rxh2 50. Nd8 Rh7 51. Kc4 Rd7 52. Nxb7 Rxb7 53. Kb5 Ke6 54. c6 Rb8 55. c7 Rc8 56. Kc6 1-0

[Event "POL-chT U20 1st League"]
[Site "Szczyrk"]
[Date "2017.07.29"]
[Round "8.3"]
[White "Kopaczewski, Adam"]
[Black "Szczurek, Krzysztof"]
[Result "0-1"]
[WhiteElo "2044"]
[BlackElo "2070"]
[PlyCount "108"]
[EventDate "2017.07.22"]
[EventType "team-tourn"]
[EventRounds "9"]
[EventCountry "POL"]
[SourceTitle "EXT 2019"]
[Source "ChessBase"]
[SourceDate "2018.10.10"]
[SourceVersion "1"]
[SourceVersionDate "2018.10.10"]
[SourceQuality "1"]

1. e4 c6 2. d4 d5 3. exd5 cxd5 4. c4 Nf6 5. Nc3 g6 6. cxd5 Nxd5 7. Bb5+ Bd7 8. Qb3 Nxc3 9. bxc3 Bg7 10. Bxd7+ Qxd7 11. Nf3 Nc6 12. 0-0 0-0 13. Bf4 Rac8 14. Rfe1 e6 15. Ne5 Nxe5 16. Bxe5 Qc6 17. Rab1 b6 18. Bxg7 Kxg7 19. Re3 Rfd8 20. h3 Rd5 21. Qb4 Rg5 22. g3 Ra5 23. Qb3 Qd6 24. Rb2 Qc6 25. Kh2 Rh5 26. Rb1 h6 27. Qb2 Qd5 28. Rc1 b5 29. f4 Qc6 30. Re5 Rxe5 31. fxe5 Qf3 32. Qd2 Rc4 33. Qe1 a5 34. Qd2 Kh7 35. Rc2 Kg7 36. Rc1 Ra4 37. Qb2 b4 38. cxb4 Rxb4 39. Qd2 Qb7 40. Rc2 a4 41. Qc3 Rb1 42. Rc1 Qb2+ 43. Rc2 Qxc3 44. Rxc3 Rb2+ 45. Kg1 Rxa2 46. Rc4 g5 47. g4 Kg6 48. Rb4 h5 49. Rc4 hxg4 50. hxg4 a3 51. Ra4 Rd2 52. Rxa3 Rxd4 53. Re3 Rxg4+ 54. Kf2 Kf5 0-1

[Event "POL-chT U20 1st League"]
[Site "Szczyrk"]
[Date "2017.07.27"]
[Round "6.3"]
[White "Kopaczewski, Adam"]
[Black "Lepski, Maksymilian"]
[Result "1-0"]
[WhiteElo "2044"]
[BlackElo "1426"]
[PlyCount "115"]
[EventDate "2017.07.22"]
[EventType "team-tourn"]
[EventRounds "9"]
[EventCountry "POL"]
[SourceTitle "EXT 2019"]
[Source "ChessBase"]
[SourceDate "2018.10.10"]
[SourceVersion "1"]
[SourceVersionDate "2018.10.10"]
[SourceQuality "1"]

1. e4 c5 2. Nf3 d6 3. d4 cxd4 4. Qxd4 Nf6 5. Nc3 g6 6. Bg5 Bg7 7. 0-0-0 0-0 8. Qd2 Qb6 9. Nd4 Nc6 10. Nb3 Be6 11. Be3 Qc7 12. h3 a6 13. g4 b5 14. Bh6 Bxh6 15. Qxh6 Nb4 16. a3 Nxe4 17. axb4 Nxc3 18. bxc3 Bxb3 19. Qe3 Be6 20. Rd4 a5 21. Bg2 Ra7 22. Kd2 axb4 23. cxb4 Ra2 24. Be4 Bc4 25. Bd3 e5 26. Re4 Bd5 27. h4 Bxe4 28. Qxe4 Rc8 29. Rc1 Qc3+ 30. Kd1 Qc6 31. Qxc6 Rxc6 32. Bxb5 Rb6 33. Bc4 Rb2 34. b5 Rb4 35. Be2 Rf4 36. f3 Ra4 37. Kd2 Ra3 38. c4 Ra7 39. Kc3 Rc7 40. Kb4 Kf8 41. Ra1 Ke7 42. Bd3 Ke6 43. Be4 Rb8 44. g5 Rc5 45. Ra7 f5 46. gxf6 Kxf6 47. Rxh7 Rbc8 48. Bd5 Rxd5 49. cxd5 Rc5 50. b6 Rxd5 51. b7 Rd1 52. Kc4 Rb1 53. Kd5 Rb6 54. Rd7 Rb3 55. Kxd6 Rb2 56. Rc7 Rd2+ 57. Kc6 Rc2+ 58. Kd7 1-0

[Event "POL-chT U20 1st League"]
[Site "Szczyrk"]
[Date "2017.07.26"]
[Round "5.3"]
[White "Baum, Jonasz"]
[Black "Kopaczewski, Adam"]
[Result "1-0"]
[WhiteElo "2230"]
[BlackElo "2044"]
[PlyCount "107"]
[EventDate "2017.07.22"]
[EventType "team-tourn"]
[EventRounds "9"]
[EventCountry "POL"]
[SourceTitle "EXT 2019"]
[Source "ChessBase"]
[SourceDate "2018.10.10"]
[SourceVersion "1"]
[SourceVersionDate "2018.10.10"]
[SourceQuality "1"]

1. e4 e5 2. Nf3 Nc6 3. d4 exd4 4. Nxd4 Nf6 5. Nxc6 bxc6 6. e5 Qe7 7. Qe2 Nd5 8. c4 Ba6 9. b3 0-0-0 10. Bb2 g5 11. g3 Bg7 12. Bg2 Rhe8 13. 0-0 Bxe5 14. Qxe5 Qxe5 15. Bxe5 Rxe5 16. cxd5 Bxf1 17. Kxf1 cxd5 18. Nc3 c6 19. Rd1 g4 20. Ne2 Rde8 21. Nf4 Kc7 22. h3 h5 23. h4 a5 24. f3 Kd6 25. Kf2 a4 26. bxa4 Ra8 27. Rd4 Kc5 28. Rd2 Kd6 29. Bf1 gxf3 30. Kxf3 Rxa4 31. Be2 d4 32. Kf2 Rea5 33. a3 c5 34. Bxh5 f6 35. Bf7 Rxa3 36. h5 Ke7 37. Bd5 f5 38. h6 Kf6 39. Rb2 Ra6 40. Rb8 Ra2+ 41. Bxa2 Rxa2+ 42. Kf3 Ra3+ 43. Ke2 Ra2+ 44. Kd3 Rh2 45. Rf8+ Kg5 46. Rg8+ Kf6 47. Kc4 Rxh6 48. Kxc5 d3 49. Nxd3 Kf7 50. Ra8 Rh3 51. Ra3 Kf6 52. Nf4 Rh1 53. Ra6+ Ke5 54. Nd3+ 1-0

[Event "POL-chT U20 1st League"]
[Site "Szczyrk"]
[Date "2017.07.22"]
[Round "1.3"]
[White "Mis, Mieszko"]
[Black "Kopaczewski, Adam"]
[Result "1-0"]
[WhiteElo "2137"]
[BlackElo "2044"]
[PlyCount "69"]
[EventDate "2017.07.22"]
[EventType "team-tourn"]
[EventRounds "9"]
[EventCountry "POL"]
[SourceTitle "EXT 2019"]
[Source "ChessBase"]
[SourceDate "2018.10.10"]
[SourceVersion "1"]
[SourceVersionDate "2018.10.10"]
[SourceQuality "1"]

1. Nf3 d5 2. g3 c5 3. Bg2 Nc6 4. d4 cxd4 5. Nxd4 e5 6. Nxc6 bxc6 7. 0-0 Ba6 8. Nd2 Nf6 9. c4 Qb6 10. b3 Be7 11. cxd5 cxd5 12. Nc4 Qe6 13. Bb2 e4 14. Ne3 0-0 15. Qd2 Rfd8 16. Nc2 Qb6 17. Nd4 Rac8 18. Nf5 Bf8 19. Bd4 Qb7 20. Bh3 Rc6 21. Rfc1 Rdc8 22. Nh6+ gxh6 23. Bxc8 Qxc8 24. Bxf6 Rxc1+ 25. Rxc1 Qe6 26. Bd4 Qd7 27. Qf4 Qe6 28. Qf6 Qxf6 29. Bxf6 Bg7 30. Bxg7 Kxg7 31. e3 Bb5 32. Rc5 a6 33. Rxd5 Bd3 34. Rxd3 exd3 35. Kf1 1-0

[Event "POL Olympiad U14"]
[Site "Drzonkow"]
[Date "2017.04.05"]
[Round "5"]
[White "Musial, Tomasz"]
[Black "Kopaczewski, Adam"]
[Result "1/2-1/2"]
[WhiteElo "1971"]
[BlackElo "2035"]
[PlyCount "105"]
[EventDate "2017.04.02"]
[EventType "swiss"]
[EventRounds "9"]
[EventCountry "POL"]
[SourceTitle "EXT 2020"]
[Source "ChessBase"]
[SourceDate "2019.10.17"]
[SourceVersion "1"]
[SourceVersionDate "2019.10.17"]
[SourceQuality "1"]

1. e4 e5 2. Nf3 Nc6 3. Nc3 Nf6 4. d4 exd4 5. Nd5 Be7 6. Nxd4 d6 7. Bb5 Bd7 8. 0-0 0-0 9. Bxc6 bxc6 10. Nxe7+ Qxe7 11. Re1 c5 12. Nf5 Qe6 13. Bg5 Rfe8 14. Qf3 Qe5 15. Nh6+ Kf8 16. Bxf6 Qxf6 17. Qxf6 gxf6 18. h3 Kg7 19. Ng4 Rab8 20. b3 a5 21. f3 f5 22. exf5 Bxf5 23. Ne3 Bg6 24. f4 Be4 25. Kf2 a4 26. Re2 Bc6 27. Rae1 axb3 28. axb3 Kg6 29. Ng4 h5 30. Rxe8 Rxe8 31. Rxe8 Bxe8 32. Nh2 Bc6 33. g4 hxg4 34. hxg4 Be4 35. c3 Kf6 36. Nf3 Bc2 37. Nd2 d5 38. b4 d4 39. cxd4 cxb4 40. Nc4 Ke6 41. Ke2 b3 42. Ke3 Bd1 43. g5 Bc2 44. Kd2 Kd5 45. Ne3+ Kxd4 46. Nxc2+ bxc2 47. f5 Ke5 48. g6 fxg6 49. fxg6 Kf6 50. Kxc2 Kxg6 51. Kd3 Kf6 52. Kd4 Ke6 53. Ke4 1/2-1/2

[Event "POL Olympiad U14"]
[Site "Drzonkow"]
[Date "2017.04.02"]
[Round "1"]
[White "Jaszczuk, Hubert"]
[Black "Kopaczewski, Adam"]
[Result "0-1"]
[WhiteElo "1700"]
[BlackElo "2035"]
[PlyCount "96"]
[EventDate "2017.04.02"]
[EventType "swiss"]
[EventRounds "9"]
[EventCountry "POL"]
[SourceTitle "EXT 2020"]
[Source "ChessBase"]
[SourceDate "2019.10.17"]
[SourceVersion "1"]
[SourceVersionDate "2019.10.17"]
[SourceQuality "1"]

1. d4 Nf6 2. Bf4 e6 3. Nf3 c5 4. e3 Nc6 5. c3 Be7 6. Bd3 0-0 7. Qc2 b6 8. Nbd2 Bb7 9. g4 cxd4 10. exd4 Rc8 11. Qb1 h6 12. h4 Nxg4 13. Rh3 f5 14. h5 a6 15. Qd1 b5 16. a3 Qb6 17. Qe2 Rf7 18. Nf1 Na5 19. Ne3 Nxe3 20. fxe3 Bxf3 21. Qxf3 Nc4 22. Qg2 Kh8 23. Kf1 Bd6 24. Rb1 Qc7 25. Qf2 Nb6 26. Rf3 Nd5 27. Ke2 Re8 28. Bxd6 Qxd6 29. Qg3 Qxg3 30. Rxg3 Ref8 31. Rf3 Nf6 32. Rh1 d5 33. Rf4 Rc7 34. Kd1 Rb8 35. Kd2 a5 36. Rff1 b4 37. axb4 axb4 38. Rb1 Kg8 39. Rh2 Kf7 40. Rhh1 Ra7 41. Kc2 bxc3 42. Kxc3 Rc7+ 43. Kd2 Rcb7 44. Kc2 Rb3 45. Rh3 Ng4 46. Rf3 g6 47. hxg6+ Kxg6 48. Rg3 h5 0-1

[Event "POL-chT U19 2nd League"]
[Site "Iwonicz"]
[Date "2015.08.01"]
[Round "9.3"]
[White "Kopaczewski, Adam"]
[Black "Godzwon, Iwo"]
[Result "0-1"]
[WhiteElo "1835"]
[BlackElo "1754"]
[PlyCount "64"]
[EventDate "2015.07.25"]
[EventType "team-swiss"]
[EventRounds "11"]
[EventCountry "POL"]
[SourceTitle "EXT 2019"]
[Source "ChessBase"]
[SourceDate "2018.10.10"]
[SourceVersion "1"]
[SourceVersionDate "2018.10.10"]
[SourceQuality "1"]
[WhiteTeam "Grudziadz Rotmistrz U19"]
[BlackTeam "Gdansk Korona U19"]
[WhiteTeamCountry "POL"]
[BlackTeamCountry "POL"]

1. f4 c5 2. e4 e6 3. Nf3 d6 4. Nc3 a6 5. d3 Nc6 6. Be2 g6 7. 0-0 Bg7 8. Be3 Nd4 9. e5 dxe5 10. Nxe5 Ne7 11. Ne4 Qc7 12. c3 Nxe2+ 13. Qxe2 b6 14. d4 Bb7 15. Ng5 0-0 16. dxc5 bxc5 17. Ngf3 Nd5 18. Rad1 Rfd8 19. Rfe1 Bh6 20. g3 Nxe3 21. Qxe3 Bg7 22. Kf2 Rab8 23. Rd2 Rxd2+ 24. Qxd2 Bd5 25. b3 c4 26. b4 Bxf3 27. Nxf3 Rd8 28. Qc2 Rd3 29. Ne5 Bxe5 30. Rxe5 Qd6 31. Ke2 Qc6 32. Qxd3 Qg2+ 0-1

[Event "POL-chT U19 2nd League"]
[Site "Iwonicz"]
[Date "2015.08.01"]
[Round "1.39"]
[White "Kopaczewski, Adam"]
[Black "Golecki, Jan"]
[Result "0-1"]
[WhiteElo "1835"]
[BlackElo "1581"]
[PlyCount "88"]
[EventDate "2015.07.25"]
[EventType "team-swiss"]
[EventRounds "11"]
[EventCountry "POL"]
[SourceTitle "EXT 2019"]
[Source "ChessBase"]
[SourceDate "2018.10.10"]
[SourceVersion "1"]
[SourceVersionDate "2018.10.10"]
[SourceQuality "1"]
[WhiteTeam "Grudziadz Rotmistrz U19"]
[BlackTeam "Chylice KS Laura U19 II"]
[WhiteTeamCountry "POL"]
[BlackTeamCountry "POL"]

1. e4 e5 2. Nf3 Nf6 3. Nxe5 d6 4. Nf3 Nxe4 5. Nc3 Nxc3 6. dxc3 Be7 7. Bd3 0-0 8. Bf4 Re8 9. 0-0 Bg4 10. Be4 c6 11. Qd3 g6 12. h3 Bd7 13. Nd4 Na6 14. b4 d5 15. Bf3 Bg5 16. Qd2 Bxf4 17. Qxf4 Nc7 18. Rfe1 Ne6 19. Qd6 Qe7 20. Qxe7 Rxe7 21. Re3 Rae8 22. Rae1 Kf8 23. a4 Nxd4 24. cxd4 Bf5 25. c3 Rxe3 26. Rxe3 Rxe3 27. fxe3 Bc2 28. a5 Bd3 29. g4 g5 30. Kf2 Ke7 31. Be2 Bxe2 32. Kxe2 f5 33. Kf3 Kf6 34. Kg2 Kg6 35. Kf3 h5 36. gxh5+ Kxh5 37. Kg3 a6 38. Kg2 Kh4 39. Kh2 g4 40. hxg4 fxg4 41. Kg2 g3 42. e4 dxe4 43. c4 e3 44. Kf3 Kh3 0-1

[Event "Warsaw Najdorf Memorial op-B 13th"]
[Site "Warsaw"]
[Date "2015.07.17"]
[Round "8"]
[White "Kopaczewski, Adam"]
[Black "Olejarczyk, Bogdan"]
[Result "1-0"]
[WhiteElo "1835"]
[BlackElo "2087"]
[PlyCount "120"]
[EventDate "2015.07.10"]
[EventType "swiss"]
[EventRounds "9"]
[EventCountry "POL"]
[SourceTitle "CBM 167 Extra"]
[Source "ChessBase"]
[SourceDate "2015.09.14"]
[SourceVersion "1"]
[SourceVersionDate "2015.09.14"]
[SourceQuality "1"]

1. e4 d5 2. exd5 Qxd5 3. Nc3 Qd6 4. d4 Nf6 5. Nf3 c6 6. Ne5 Be6 7. Bf4 Nd5 8. Nxd5 Qxd5 9. c4 Qa5+ 10. Bd2 Qb6 11. Bc3 Nd7 12. Nxd7 Bxd7 13. Bd3 e6 14. Qc2 h6 15. 0-0 Be7 16. Qd2 Qc7 17. Rae1 Bf6 18. Qe3 0-0 19. Qe4 g6 20. Bd2 Kh7 21. h4 h5 22. Qe3 Bg7 23. Qg5 Qd6 24. Qxh5+ Kg8 25. Qg4 e5 26. Qg3 Qxd4 27. Bc3 Qf4 28. Bxe5 Bxe5 29. Rxe5 Qxg3 30. fxg3 Rfe8 31. Rfe1 c5 32. Rxe8+ Rxe8 33. Rxe8+ Bxe8 34. Be4 b6 35. Kf2 f6 36. g4 Kg7 37. Kf3 Bd7 38. Kf4 Kh6 39. Bf3 a5 40. g5+ Kg7 41. gxf6+ Kxf6 42. g4 Be8 43. Be4 Bd7 44. g5+ Ke7 45. Ke5 Be8 46. Bf3 Bf7 47. Be2 Be8 48. Bd3 Bf7 49. a4 Be8 50. b3 Bf7 51. Be4 Be8 52. Bd3 Bf7 53. Be2 Be8 54. Kd5 Kd7 55. Bg4+ Ke7 56. Be6 Bd7 57. Bxd7 Kxd7 58. Ke5 Ke7 59. Kf4 Ke6 60. Kg4 Kf7 1-0

[Event "Warsaw Najdorf Memorial op-B 13th"]
[Site "Warsaw"]
[Date "2015.07.16"]
[Round "7"]
[White "Kopaczewski, Adam"]
[Black "Drozdowski, Konrad"]
[Result "0-1"]
[WhiteElo "1835"]
[BlackElo "2059"]
[PlyCount "110"]
[EventDate "2015.07.10"]
[EventType "swiss"]
[EventRounds "9"]
[EventCountry "POL"]
[SourceTitle "CBM 167 Extra"]
[Source "ChessBase"]
[SourceDate "2015.09.14"]
[SourceVersion "1"]
[SourceVersionDate "2015.09.14"]
[SourceQuality "1"]

1. e4 Nf6 2. e5 Nd5 3. d4 d6 4. Nf3 Bg4 5. Be2 c6 6. 0-0 Bxf3 7. Bxf3 dxe5 8. dxe5 e6 9. c4 Ne7 10. Qxd8+ Kxd8 11. Bg5 Nd7 12. Bxe7+ Bxe7 13. Re1 Bc5 14. Nc3 Bd4 15. Na4 Ke7 16. Rad1 Bb6 17. Nxb6 axb6 18. a3 Ra5 19. Bg4 h5 20. Bh3 g5 21. f3 Rd8 22. Re3 Rda8 23. Rde1 Ra4 24. Re4 Nc5 25. Rd4 Rd8 26. Rxd8 Kxd8 27. b4 Nb3 28. Rd1+ Ke7 29. Rd6 Rxa3 30. b5 Na5 31. bxc6 bxc6 32. g3 Ra1+ 33. Kf2 Ra2+ 34. Kg1 Nxc4 35. Rxc6 Nxe5 36. Rc3 b5 37. f4 gxf4 38. gxf4 Ng6 39. f5 Nf4 40. Bf1 Ne2+ 41. Bxe2 Rxe2 42. Rb3 Re5 43. fxe6 fxe6 44. Kf2 Kd6 45. Rc3 Re4 46. Kf3 Rh4 47. Kg3 Rd4 48. Kf3 b4 49. Rb3 Kc5 50. Ke3 Rh4 51. Rb2 Kc4 52. Ra2 Rh3+ 53. Ke4 b3 54. Ra8 b2 55. Rb8 Rb3 0-1

[Event "POL-ch qual U11"]
[Site "Jastrzebia Gora"]
[Date "2013.09.25"]
[Round "3.2"]
[White "Jaskulski, Mateusz"]
[Black "Kopaczewski, Adam"]
[Result "0-1"]
[WhiteElo "1260"]
[BlackElo "1544"]
[PlyCount "24"]
[EventDate "2013.09.25"]
[EventType "swiss"]
[EventRounds "9"]
[EventCountry "POL"]
[SourceTitle "EXT 2023"]
[Source "ChessBase"]
[SourceDate "2022.10.05"]
[SourceVersion "1"]
[SourceVersionDate "2022.10.05"]
[SourceQuality "1"]

1. e4 e5 2. Nf3 Nc6 3. Bc4 Bc5 4. 0-0 d6 5. h3 Bd7 6. c3 Qf6 7. b4 Bb6 8. Qb3 Nge7 9. Ng5 Be6 10. Nxe6 fxe6 11. Bxe6 Rf8 12. Kh1 Qh4 0-1

[Event "POL-ch qual U11"]
[Site "Jastrzebia Gora"]
[Date "2013.09.25"]
[Round "8.1"]
[White "Kopaczewski, Adam"]
[Black "Godzwon, Iwo"]
[Result "1-0"]
[WhiteElo "1544"]
[BlackElo "1260"]
[PlyCount "40"]
[EventDate "2013.09.25"]
[EventType "swiss"]
[EventRounds "9"]
[EventCountry "POL"]
[SourceTitle "EXT 2023"]
[Source "ChessBase"]
[SourceDate "2022.10.05"]
[SourceVersion "1"]
[SourceVersionDate "2022.10.05"]
[SourceQuality "1"]

1. e4 e5 2. Nf3 Nc6 3. d4 exd4 4. Bc4 Bc5 5. 0-0 Nge7 6. Ng5 d5 7. exd5 Na5 8. Qf3 0-0 9. Bd3 h6 10. Bh7+ Kh8 11. Qxf7 Rxf7 12. Nxf7+ Kxh7 13. Nxd8 Nxd5 14. c3 dxc3 15. Nxc3 Nxc3 16. bxc3 Bb6 17. Ne6 Bxe6 18. Re1 Bd7 19. Bf4 Rf8 20. Bg3 Nc6 1-0

[Event "POL-ch qual U11"]
[Site "Jastrzebia Gora"]
[Date "2013.09.25"]
[Round "6.1"]
[White "Kopaczewski, Adam"]
[Black "Wloch, Mikolaj"]
[Result "1/2-1/2"]
[WhiteElo "1544"]
[BlackElo "1392"]
[PlyCount "45"]
[EventDate "2013.09.25"]
[EventType "swiss"]
[EventRounds "9"]
[EventCountry "POL"]
[SourceTitle "EXT 2023"]
[Source "ChessBase"]
[SourceDate "2022.10.05"]
[SourceVersion "1"]
[SourceVersionDate "2022.10.05"]
[SourceQuality "1"]

1. e4 c5 2. f4 d6 3. Nc3 g6 4. Nf3 Bg7 5. Bc4 Nf6 6. d3 Nc6 7. 0-0 0-0 8. Qe1 a6 9. a4 Nb4 10. Bb3 Bd7 11. Qh4 e6 12. g4 h5 13. h3 hxg4 14. hxg4 Nh7 15. Qh3 Nc6 16. Kg2 Re8 17. f5 exf5 18. gxf5 gxf5 19. Qh5 Be6 20. Bh6 Qf6 21. Bxg7 Qxg7+ 22. Kf2 fxe4 23. Rg1 1/2-1/2

[Event "Wroclaw op-B 8th"]
[Site "Wroclaw"]
[Date "2013.07.08"]
[Round "8"]
[White "Rossienik, Wieslaw"]
[Black "Kopaczewski, Adam"]
[Result "1-0"]
[WhiteElo "1489"]
[BlackElo "1532"]
[PlyCount "58"]
[EventDate "2013.07.01"]
[EventType "swiss"]
[EventRounds "9"]
[EventCountry "POL"]
[SourceTitle "EXT 2014"]
[Source "ChessBase"]
[SourceDate "2013.11.20"]
[SourceVersion "1"]
[SourceVersionDate "2013.11.20"]
[SourceQuality "1"]

1. e4 e5 2. Nf3 Nc6 3. Bc4 Nf6 4. d3 Bc5 5. c3 a6 6. 0-0 d6 7. b4 Ba7 8. Nbd2 0-0 9. Bb3 Bd7 10. Nc4 h6 11. Ne3 Ne7 12. Nc4 Ng6 13. Be3 b5 14. Ncd2 Re8 15. a4 Nf4 16. Bxf4 exf4 17. axb5 axb5 18. Ra2 g5 19. Qa1 Bb6 20. h3 Bc6 21. Rxa8 Qxa8 22. Nd4 Bxd4 23. cxd4 Qxa1 24. Rxa1 Ra8 25. Rc1 Bd7 26. Rxc7 Ra1+ 27. Kh2 g4 28. e5 g3+ 29. fxg3 Nh5 1-0